[Event "EYCC Open-U16 2019"]
[Site "Bratislava"]
[Date "2019.08.09"]
[Round "8.23"]
[White "Kazmin, Semen"]
[Black "Mukhutdinov, Tigran"]
[Result "1/2-1/2"]
[WhiteElo "2193"]
[BlackElo "2328"]
[Annotator "NA"]
[PlyCount "109"]
[EventDate "2019.08.02"]
[EventType "swiss"]
[EventCountry "SVK"]
[SourceTitle "playchess.com"]
[Source "ChessBase"]
[SourceQuality "1"]
[TimeControl "40/5400+30:1800+30"]

1. e4 {[%emt 0:00:00]} c5 {[%emt 0:00:00]} 2. Nf3 {[%emt 0:00:00]} Nc6 {[%emt 0:00:00]} 3. d4 {[%emt 0:00:00]} cxd4 {[%emt 0:00:00]} 4. Nxd4 {[%emt 0:00:00]} e5 {[%emt 0:00:00]} 5. Nb5 {[%emt 0:00:00]} d6 {[%emt 0:00:00]} 6. c4 {[%emt 0:00:04]} Be7 {[%emt 0:00:16]} 7. N1c3 {[%emt 0:00:10]} a6 {[%emt 0:00:04]} 8. Na3 {[%emt 0:00:05]} f5 {[%emt 0:00:08]} 9. Nd5 {[%emt 0:09:44]} Nf6 {[%emt 0:07:42]} 10. Be3 {[%emt 0:01:50]} Nxd5 {[%emt 0:05:29]} 11. exd5 {[%emt 0:00:35]} Nb8 {[%emt 0:02:13]} 12. f3 {[%emt 0:00:36]} O-O {[%emt 0:00:40]} 13. Be2 {[%emt 0:00:47]} Bh4+ {[%emt 0:00:33]} 14. g3 {[%emt 0:01:10]} Bg5 {[%emt 0:00:49]} 15. Bxg5 {[%emt 0:01:54]} Qxg5 {[%emt 0:00:04]} 16. Qd2 {[%emt 0:01:07]} f4 {[%emt 0:01:37]} 17. O-O-O {[%emt 0:04:34]} b5 {[%emt 0:09:54]} 18. Rhg1 {[%emt 0:02:43]} Qh6 {[%emt 0:04:24]} 19. h4 {[%emt 0:02:36]} bxc4 {[%emt 0:10:02]} 20. Nxc4 {[%emt 0:01:08]} Bd7 {[%emt 0:03:05]} 21. Kb1 {[%emt 0:06:41]} Bb5 {[%emt 0:03:12]} 22. g4 {[%emt 0:02:38]} Bxc4 {[%emt 0:04:35]} 23. Bxc4 {[%emt 0:00:38]} e4 {[%emt 0:03:22]} 24. Qb4 {[%emt 0:09:27]} Nd7 {[%emt 0:02:17]} 25. g5 {[%emt 0:02:06]} Qg6 {[%emt 0:00:19]} 26. h5 {[%emt 0:00:27]} Qf5 {[%emt 0:01:59]} 27. Bb3 {[%emt 0:18:46]} Qe5 {[%emt 0:12:52]} 28. Qxe4 {[%emt 0:04:27]} Qxe4+ {[%emt 0:00:05]} 29. fxe4 {[%emt 0:00:04]} Ne5 {[%emt 0:00:18]} 30. Rc1 {[%emt 0:04:55]} f3 {[%emt 0:01:11]} 31. g6 {[%emt 0:06:28]} hxg6 {[%emt 0:00:43]} 32. hxg6 {[%emt 0:01:16]} Rf6 {[%emt 0:01:16]} 33. Rg5 {[%emt 0:02:04]} Nxg6 {[%emt 0:01:55]} 34. Rcg1 {[%emt 0:01:19]} f2 {[%emt 0:01:29]} 35. Rf1 {[%emt 0:00:06]} Raf8 {[%emt 0:01:26]} 36. Kc2 {[%emt 0:01:23]} Ne5 {[%emt 0:05:06]} 37. Rg2 {[%emt 0:02:52]} Rf4 {[%emt 0:01:48]} 38. Kd2 {[%emt 0:00:41]} a5 {[%emt 0:02:18]} 39. Bc2 {[%emt 0:01:01]} Nf3+ 40. Kd1 {[%emt 0:00:00]} Nh4 {[%emt 0:00:00]} 41. Rg3 {[%emt 0:04:18]} R8f6 {[%emt 0:13:00]} 42. b3 {[%emt 0:05:11]} g6 {[%emt 0:02:33]} 43. a3 {[%emt 0:01:16]} Kg7 {[%emt 0:06:27]} 44. b4 {[%emt 0:00:28]} Rf3 {[%emt 0:01:26]} 45. Rxf3 {[%emt 0:01:10]} Rxf3 {[%emt 0:00:04]} 46. b5 {[%emt 0:04:05]} Rf8 {[%emt 0:01:25]} 47. Ke2 {[%emt 0:05:54]} Nf3 48. b6 {[%emt 0:04:37]} Nd4+ {[%emt 0:03:00]} 49. Kd3 {[%emt 0:00:30]} Nxc2 {[%emt 0:00:06]} 50. Kxc2 {[%emt 0:00:01]} Rb8 {[%emt 0:00:13]} 51. Rxf2 {[%emt 0:00:13]} Rxb6 {[%emt 0:00:03]} 52. Rf3 {[%emt 0:01:57]} g5 {[%emt 0:00:28]} 53. Rf5 {[%emt 0:04:09]} Kg6 {[%emt 0:00:07]} 54. Rf8 {[%emt 0:00:06]} a4 {[%emt 0:03:18]} 55. Kc3 {[%emt 0:03:26]} 1/2-1/2

[Event "EYCC Open-U16 2019"]
[Site "Bratislava"]
[Date "2019.08.09"]
[Round "8.24"]
[White "Stremavicius, Pijus"]
[Black "Sjoberg, Isak"]
[Result "1/2-1/2"]
[WhiteElo "2071"]
[BlackElo "2182"]
[Annotator "NA"]
[PlyCount "59"]
[EventDate "2019.08.02"]
[EventType "swiss"]
[EventCountry "SVK"]
[SourceTitle "playchess.com"]
[Source "ChessBase"]
[SourceQuality "1"]
[TimeControl "40/5400+30:1800+30"]

1. d4 {[%emt 0:00:00]} Nf6 {[%emt 0:00:00]} 2. c4 {[%emt 0:00:00]} g6 {[%emt 0:00:30]} 3. Nc3 {[%emt 0:00:00]} Bg7 {[%emt 0:00:49]} 4. e4 {[%emt 0:00:03]} d6 {[%emt 0:00:07]} 5. Bd3 {[%emt 0:00:04]} O-O {[%emt 0:01:59]} 6. Nge2 {[%emt 0:00:33]} c5 {[%emt 0:01:07]} 7. d5 {[%emt 0:01:42]} e6 {[%emt 0:00:07]} 8. O-O {[%emt 0:00:20]} exd5 {[%emt 0:00:08]} 9. exd5 {[%emt 0:00:05]} Ng4 {[%emt 0:02:57]} 10. f4 {[%emt 0:11:52]} Re8 {[%emt 0:12:02]} 11. Rf3 {[%emt 0:02:19]} Qh4 {[%emt 0:05:25]} 12. h3 {[%emt 0:05:18]} Bd4+ 13. Nxd4 {[%emt 0:01:52]} Re1+ {[%emt 0:08:42]} 14. Qxe1 {[%emt 0:00:34]} Qxe1+ {[%emt 0:00:06]} 15. Rf1 {[%emt 0:00:03]} Qe7 {[%emt 0:00:22]} 16. Nf3 {[%emt 0:02:51]} Nh6 {[%emt 0:06:22]} 17. g4 {[%emt 0:01:42]} f6 {[%emt 0:11:56]} 18. Re1 {[%emt 0:02:22]} Qf8 {[%emt 0:02:03]} 19. b3 {[%emt 0:00:20]} Na6 {[%emt 0:04:49]} 20. Bb2 {[%emt 0:01:04]} Nb4 {[%emt 0:03:53]} 21. Bb1 {[%emt 0:00:58]} Nxg4 {[%emt 0:02:15]} 22. hxg4 {[%emt 0:00:44]} Bxg4 {[%emt 0:00:15]} 23. Nh2 {[%emt 0:00:56]} Bf5 {[%emt 0:04:49]} 24. Bxf5 {[%emt 0:08:13]} gxf5 {[%emt 0:00:08]} 25. Re3 {[%emt 0:05:55]} Kh8 {[%emt 0:04:00]} 26. Rg3 {[%emt 0:03:05]} Qh6 {[%emt 0:02:19]} 27. Rf1 {[%emt 0:00:56]} Rg8 {[%emt 0:02:23]} 28. Rxg8+ {[%emt 0:00:47]} Kxg8 {[%emt 0:00:02]} 29. Rf3 {[%emt 0:00:16]} a6 {[%emt 0:02:26]} 30. Nf1 {[%emt 0:03:22]} 1/2-1/2

[Event "EYCC Open-U16 2019"]
[Site "Bratislava"]
[Date "2019.08.09"]
[Round "8.25"]
[White "Bukatin, Arseny"]
[Black "Ivanovic, Marko"]
[Result "0-1"]
[WhiteElo "2016"]
[BlackElo "2267"]
[Annotator "NA"]
[PlyCount "76"]
[EventDate "2019.08.02"]
[EventType "swiss"]
[EventCountry "SVK"]
[SourceTitle "playchess.com"]
[Source "ChessBase"]
[SourceQuality "1"]
[TimeControl "40/5400+30:1800+30"]

1. e4 {[%emt 0:00:00]} d6 {[%emt 0:02:03]} 2. d4 {[%emt 0:00:00]} Nf6 {[%emt 0:00:02]} 3. Nc3 {[%emt 0:00:00]} Nbd7 {[%emt 0:00:03]} 4. f4 {[%emt 0:00:00]} e5 {[%emt 0:00:05]} 5. Nf3 {[%emt 0:17:42]} exd4 {[%emt 0:00:05]} 6. Nxd4 {[%emt 0:00:16]} Nc5 {[%emt 0:00:19]} 7. Bd3 {[%emt 0:02:02]} g6 {[%emt 0:01:41]} 8. O-O {[%emt 0:00:16]} Bg7 {[%emt 0:00:04]} 9. h3 {[%emt 0:12:37]} O-O {[%emt 0:00:08]} 10. Nb3 {[%emt 0:00:32]} Nxd3 {[%emt 0:01:22]} 11. cxd3 {[%emt 0:01:08]} Re8 {[%emt 0:03:29]} 12. Qf3 {[%emt 0:05:09]} c6 {[%emt 0:07:53]} 13. Be3 {[%emt 0:02:20]} b5 {[%emt 0:02:14]} 14. Nxb5 {[%emt 0:32:22]} cxb5 {[%emt 0:23:56]} 15. e5 {[%emt 0:00:06]} Bb7 {[%emt 0:27:53]} 16. Qxb7 {[%emt 0:00:11]} dxe5 {[%emt 0:00:03]} 17. fxe5 {[%emt 0:00:08]} Qd5 {[%emt 0:13:55]} 18. Qc7 {[%emt 0:01:16]} Rxe5 {[%emt 0:04:21]} 19. Bd4 {[%emt 0:09:29]} Rg5 {[%emt 0:01:39]} 20. Qc2 {[%emt 0:00:58]} Ng4 {[%emt 0:00:29]} 21. Bxa7 {[%emt 0:06:10]} Rxa7 {[%emt 0:02:28]} 22. hxg4 {[%emt 0:00:19]} Be5 {[%emt 0:01:34]} 23. Qf2 {[%emt 0:02:12]} Ra4 {[%emt 0:01:45]} 24. Qf3 {[%emt 0:01:06]} Qd7 {[%emt 0:00:03]} 25. d4 {[%emt 0:01:27]} Rxd4 {[%emt 0:02:11]} 26. Nxd4 {[%emt 0:02:13]} Bxd4+ {[%emt 0:00:06]} 27. Kh1 {[%emt 0:00:10]} Rxg4 {[%emt 0:00:06]} 28. g3 {[%emt 0:00:04]} Rg5 {[%emt 0:01:30]} 29. Kg2 {[%emt 0:00:30]} Be5 {[%emt 0:00:37]} 30. Rad1 {[%emt 0:00:22]} Qc7 {[%emt 0:00:24]} 31. Rc1 {[%emt 0:01:32]} Qa7 {[%emt 0:00:38]} 32. g4 {[%emt 0:01:24]} h5 {[%emt 0:00:16]} 33. Rc8+ {[%emt 0:01:15]} Kg7 {[%emt 0:00:06]} 34. Re8 {[%emt 0:00:45]} Qc7 {[%emt 0:02:27]} 35. Kh1 {[%emt 0:00:33]} hxg4 {[%emt 0:00:19]} 36. Qe4 {[%emt 0:00:41]} Rh5+ {[%emt 0:00:12]} 37. Kg1 {[%emt 0:00:08]} Qc5+ {[%emt 0:00:11]} 38. Rf2 {[%emt 0:00:12]} g3 {[%emt 0:00:12]} 0-1

[Event "EYCC Open-U16 2019"]
[Site "Bratislava"]
[Date "2019.08.09"]
[Round "8.26"]
[White "Fernandez Garcia, Gumersindo"]
[Black "Risteski, Emil"]
[Result "1/2-1/2"]
[WhiteElo "2011"]
[BlackElo "2150"]
[Annotator "NA"]
[PlyCount "28"]
[EventDate "2019.08.02"]
[EventType "swiss"]
[EventCountry "SVK"]
[SourceTitle "playchess.com"]
[Source "ChessBase"]
[SourceQuality "1"]
[TimeControl "40/5400+30:1800+30"]

1. d4 {[%emt 0:00:00]} Nf6 {[%emt 0:00:00]} 2. c4 {[%emt 0:00:00]} g6 {[%emt 0:00:00]} 3. Nc3 {[%emt 0:00:00]} Bg7 {[%emt 0:00:00]} 4. e4 {[%emt 0:00:00]} d6 {[%emt 0:00:00]} 5. Bg5 {[%emt 0:00:03]} O-O {[%emt 0:00:00]} 6. Qd2 {[%emt 0:00:04]} c5 {[%emt 0:00:11]} 7. d5 {[%emt 0:00:13]} e6 {[%emt 0:00:18]} 8. Nf3 {[%emt 0:00:19]} exd5 {[%emt 0:00:09]} 9. exd5 {[%emt 0:00:10]} Re8+ {[%emt 0:03:46]} 10. Be2 {[%emt 0:02:06]} Bf5 {[%emt 0:08:08]} 11. O-O {[%emt 0:06:16]} Qb6 {[%emt 0:04:56]} 12. Nh4 {[%emt 0:13:12]} Bd7 {[%emt 0:00:24]} 13. Bd3 {[%emt 0:00:56]} Na6 {[%emt 0:01:33]} 14. h3 {[%emt 0:05:25]} Qc7 {[%emt 0:11:49]} 1/2-1/2

[Event "EYCC Open-U16 2019"]
[Site "Bratislava"]
[Date "2019.08.09"]
[Round "8.27"]
[White "Koziorowicz, Michal"]
[Black "Palczert, Botond"]
[Result "1-0"]
[WhiteElo "1985"]
[BlackElo "2022"]
[Annotator "NA"]
[PlyCount "99"]
[EventDate "2019.08.02"]
[EventType "swiss"]
[EventCountry "SVK"]
[SourceTitle "playchess.com"]
[Source "ChessBase"]
[SourceQuality "1"]
[TimeControl "40/5400+30:1800+30"]

1. e4 {[%emt 0:00:00]} c5 {[%emt 0:00:00]} 2. Nf3 {[%emt 0:00:00]} d6 {[%emt 0:00:00]} 3. d4 {[%emt 0:00:00]} cxd4 {[%emt 0:00:12]} 4. Nxd4 {[%emt 0:00:00]} Nf6 {[%emt 0:00:14]} 5. Nc3 {[%emt 0:00:00]} a6 {[%emt 0:00:16]} 6. Be3 {[%emt 0:02:25]} e5 {[%emt 0:00:19]} 7. Nb3 {[%emt 0:00:06]} Be6 {[%emt 0:00:27]} 8. f3 {[%emt 0:00:11]} h5 {[%emt 0:00:37]} 9. Qd2 {[%emt 0:02:19]} Nbd7 {[%emt 0:00:33]} 10. O-O-O {[%emt 0:01:48]} Be7 {[%emt 0:01:10]} 11. h3 {[%emt 0:01:46]} Rc8 {[%emt 0:01:12]} 12. Rg1 {[%emt 0:01:35]} h4 {[%emt 0:10:47]} 13. Kb1 {[%emt 0:06:46]} b5 {[%emt 0:01:08]} 14. g4 {[%emt 0:18:27]} Nb6 {[%emt 0:09:24]} 15. g5 {[%emt 0:12:42]} Nfd7 {[%emt 0:02:22]} 16. g6 {[%emt 0:05:22]} f6 {[%emt 0:03:03]} 17. f4 {[%emt 0:12:40]} exf4 {[%emt 0:12:23]} 18. Bxf4 {[%emt 0:00:11]} Ne5 {[%emt 0:00:47]} 19. Nd4 {[%emt 0:00:41]} Bd7 {[%emt 0:03:49]} 20. Nf5 {[%emt 0:12:50]} Bxf5 {[%emt 0:01:54]} 21. exf5 {[%emt 0:00:01]} Qc7 {[%emt 0:18:19]} 22. Rg2 {[%emt 0:04:53]} Qc6 {[%emt 0:02:59]} 23. Rf2 {[%emt 0:01:33]} b4 {[%emt 0:02:59]} 24. Bg2 {[%emt 0:02:42]} Qc7 {[%emt 0:01:39]} 25. Nd5 {[%emt 0:01:29]} Nxd5 {[%emt 0:02:53]} 26. Bxe5 {[%emt 0:03:04]} Nc3+ {[%emt 0:11:18]} 27. Bxc3 {[%emt 0:00:09]} bxc3 {[%emt 0:00:03]} 28. Qd5 {[%emt 0:00:32]} Qb6 {[%emt 0:01:45]} 29. Qb7 {[%emt 0:02:47]} Qxb2+ {[%emt 0:03:02]} 30. Qxb2 {[%emt 0:00:02]} cxb2 {[%emt 0:00:07]} 31. Kxb2 {[%emt 0:01:45]} Kd7 {[%emt 0:01:04]} 32. Bd5 {[%emt 0:00:36]} Rb8+ {[%emt 0:00:35]} 33. Kc1 {[%emt 0:00:59]} Rb4 {[%emt 0:00:23]} 34. c3 {[%emt 0:00:33]} Rb6 {[%emt 0:00:58]} 35. Rb2 {[%emt 0:00:22]} Rxb2 {[%emt 0:02:42]} 36. Kxb2 {[%emt 0:00:01]} Bd8 {[%emt 0:00:31]} 37. Rd4 {[%emt 0:00:59]} Bb6 {[%emt 0:00:47]} 38. Rc4 {[%emt 0:00:21]} a5 {[%emt 0:01:55]} 39. Be6+ {[%emt 0:00:09]} Ke7 {[%emt 0:00:23]} 40. Rc6 {[%emt 0:00:00]} Rb8 {[%emt 0:00:00]} 41. Kc2 {[%emt 0:04:52]} Rb7 {[%emt 0:07:38]} 42. Rc4 {[%emt 0:01:05]} Bf2 {[%emt 0:01:04]} 43. Rc8 {[%emt 0:01:17]} Be3 {[%emt 0:00:27]} 44. a4 {[%emt 0:06:05]} Ra7 {[%emt 0:17:36]} 45. Kd3 {[%emt 0:04:40]} Bh6 {[%emt 0:01:22]} 46. Kc4 {[%emt 0:04:54]} Ra6 {[%emt 0:00:36]} 47. Kb5 {[%emt 0:00:59]} Ra7 {[%emt 0:00:08]} 48. Bd5 {[%emt 0:00:12]} Kd7 {[%emt 0:03:15]} 49. Rf8 {[%emt 0:00:10]} Rc7 {[%emt 0:00:28]} 50. Bc6+ {[%emt 0:00:14]} 1-0

[Event "EYCC Open-U16 2019"]
[Site "Bratislava"]
[Date "2019.08.09"]
[Round "8.28"]
[White "Vorisek, Jakub"]
[Black "Vitenberg, Noam Aviv"]
[Result "1/2-1/2"]
[WhiteElo "2071"]
[BlackElo "2300"]
[Annotator "NA"]
[PlyCount "82"]
[EventDate "2019.08.02"]
[EventType "swiss"]
[EventCountry "SVK"]
[SourceTitle "playchess.com"]
[Source "ChessBase"]
[SourceQuality "1"]
[TimeControl "40/5400+30:1800+30"]

1. e4 {[%emt 0:00:00]} c6 {[%emt 0:00:00]} 2. d4 {[%emt 0:00:00]} d5 {[%emt 0:00:00]} 3. exd5 {[%emt 0:00:13]} cxd5 {[%emt 0:00:06]} 4. c4 {[%emt 0:00:17]} Nf6 {[%emt 0:00:44]} 5. Nc3 {[%emt 0:00:39]} Nc6 {[%emt 0:06:00]} 6. Nf3 {[%emt 0:00:42]} Be6 {[%emt 0:00:54]} 7. c5 {[%emt 0:05:13]} g6 {[%emt 0:01:24]} 8. Bb5 {[%emt 0:03:20]} Bg7 {[%emt 0:11:02]} 9. O-O {[%emt 0:06:53]} O-O {[%emt 0:06:30]} 10. Be3 {[%emt 0:04:11]} Ne4 {[%emt 0:06:14]} 11. Re1 {[%emt 0:11:20]} Rc8 {[%emt 0:10:43]} 12. a3 {[%emt 0:10:26]} Qa5 {[%emt 0:30:26]} 13. Qa4 {[%emt 0:28:10]} Nxc3 {[%emt 0:08:48]} 14. bxc3 {[%emt 0:00:22]} Qxa4 {[%emt 0:03:24]} 15. Bxa4 {[%emt 0:00:11]} b6 {[%emt 0:02:31]} 16. cxb6 {[%emt 0:07:39]} axb6 {[%emt 0:00:18]} 17. Rab1 {[%emt 0:00:41]} Na5 {[%emt 0:01:50]} 18. Rxb6 {[%emt 0:08:10]} Rxc3 {[%emt 0:01:44]} 19. Ng5 {[%emt 0:00:15]} Nc4 {[%emt 0:03:13]} 20. Rb7 {[%emt 0:00:11]} Bf5 {[%emt 0:02:14]} 21. Rb3 {[%emt 0:06:14]} Rxb3 {[%emt 0:00:49]} 22. Bxb3 {[%emt 0:00:04]} Nxe3 {[%emt 0:01:14]} 23. fxe3 {[%emt 0:00:22]} e6 {[%emt 0:00:11]} 24. Kf2 {[%emt 0:02:34]} Rb8 {[%emt 0:00:22]} 25. Bd1 {[%emt 0:00:42]} Bf8 {[%emt 0:01:08]} 26. a4 {[%emt 0:01:03]} Bd3 {[%emt 0:00:28]} 27. Be2 {[%emt 0:01:07]} Rb2 {[%emt 0:00:18]} 28. Kf1 {[%emt 0:00:05]} Bb1 {[%emt 0:00:45]} 29. Rc1 {[%emt 0:00:16]} Be7 {[%emt 0:00:35]} 30. Nf3 {[%emt 0:00:28]} Bb4 {[%emt 0:00:26]} 31. Ne5 {[%emt 0:00:27]} Bd2 {[%emt 0:00:34]} 32. Rc8+ {[%emt 0:00:08]} Kg7 {[%emt 0:00:06]} 33. Rc7 {[%emt 0:02:19]} Bxe3 {[%emt 0:00:14]} 34. Rxf7+ {[%emt 0:00:04]} Kg8 {[%emt 0:00:16]} 35. Bg4 {[%emt 0:00:25]} Bf5 {[%emt 0:01:13]} 36. Bxf5 {[%emt 0:01:26]} gxf5 {[%emt 0:00:19]} 37. Re7 {[%emt 0:00:30]} Bxd4 {[%emt 0:00:35]} 38. Nf3 {[%emt 0:00:44]} Bc5 {[%emt 0:00:46]} 39. Rxe6 {[%emt 0:00:07]} Rf2+ {[%emt 0:00:24]} 40. Ke1 {[%emt 0:00:00]} Rxg2 {[%emt 0:00:00]} 41. Re5 {[%emt 0:01:06]} Ra2 {[%emt 0:11:27]} 1/2-1/2

[Event "EYCC Open-U16 2019"]
[Site "Bratislava"]
[Date "2019.08.09"]
[Round "8.29"]
[White "Minko, Dmitry"]
[Black "Bacrot, Alexandre"]
[Result "1/2-1/2"]
[WhiteElo "2061"]
[BlackElo "2265"]
[Annotator "NA"]
[PlyCount "83"]
[EventDate "2019.08.02"]
[EventType "swiss"]
[EventCountry "SVK"]
[SourceTitle "playchess.com"]
[Source "ChessBase"]
[SourceQuality "1"]
[TimeControl "40/5400+30:1800+30"]

1. e4 {[%emt 0:00:00]} g6 {[%emt 0:00:00]} 2. d4 {[%emt 0:00:00]} Bg7 {[%emt 0:00:00]} 3. Nc3 {[%emt 0:00:00]} d6 {[%emt 0:00:00]} 4. f4 {[%emt 0:00:15]} Nf6 {[%emt 0:04:22]} 5. Nf3 {[%emt 0:02:44]} c5 {[%emt 0:00:33]} 6. e5 {[%emt 0:09:05]} Nfd7 {[%emt 0:11:51]} 7. exd6 {[%emt 0:18:02]} O-O {[%emt 0:01:22]} 8. dxe7 {[%emt 0:10:43]} Qxe7+ {[%emt 0:01:59]} 9. Be2 {[%emt 0:01:15]} cxd4 {[%emt 0:02:44]} 10. Nb5 {[%emt 0:00:42]} Nc6 {[%emt 0:02:31]} 11. O-O {[%emt 0:12:28]} Nb6 {[%emt 0:06:28]} 12. Bd3 {[%emt 0:04:34]} Qc5 {[%emt 0:06:46]} 13. Nd2 {[%emt 0:04:03]} a6 {[%emt 0:03:01]} 14. Ne4 {[%emt 0:03:28]} Qe7 {[%emt 0:00:58]} 15. Nbd6 {[%emt 0:01:10]} f5 {[%emt 0:01:06]} 16. Nxc8 {[%emt 0:00:06]} Raxc8 {[%emt 0:00:04]} 17. Ng5 {[%emt 0:00:47]} h6 {[%emt 0:02:48]} 18. Re1 {[%emt 0:02:43]} Qd6 {[%emt 0:02:29]} 19. Ne6 {[%emt 0:02:35]} Rfe8 {[%emt 0:00:12]} 20. Nxg7 {[%emt 0:00:05]} Kxg7 {[%emt 0:00:06]} 21. Bd2 {[%emt 0:02:15]} Rxe1+ {[%emt 0:10:38]} 22. Qxe1 {[%emt 0:00:07]} Kh7 {[%emt 0:03:47]} 23. g4 {[%emt 0:03:27]} fxg4 {[%emt 0:02:32]} 24. Qh4 {[%emt 0:01:25]} Ne7 {[%emt 0:06:50]} 25. Re1 {[%emt 0:03:11]} Nf5 {[%emt 0:00:10]} 26. Bxf5 {[%emt 0:03:47]} gxf5 {[%emt 0:00:05]} 27. Bb4 {[%emt 0:00:31]} Qg6 {[%emt 0:09:30]} 28. Qe7+ {[%emt 0:01:00]} Kg8 {[%emt 0:02:11]} 29. Re6 {[%emt 0:01:08]} Qf7 {[%emt 0:00:04]} 30. Rxb6 {[%emt 0:10:10]} Qxe7 {[%emt 0:00:03]} 31. Bxe7 {[%emt 0:00:05]} Rxc2 {[%emt 0:00:03]} 32. Ba3 {[%emt 0:01:49]} d3 {[%emt 0:00:18]} 33. Rd6 {[%emt 0:00:06]} d2 {[%emt 0:00:44]} 34. Kf1 {[%emt 0:00:01]} h5 {[%emt 0:01:11]} 35. Ke2 {[%emt 0:01:11]} d1=Q+ {[%emt 0:00:06]} 36. Kxd1 {[%emt 0:00:04]} Rxh2 {[%emt 0:00:06]} 37. Ke1 {[%emt 0:01:24]} h4 {[%emt 0:00:20]} 38. Kf1 {[%emt 0:01:24]} h3 {[%emt 0:01:29]} 39. Rf6 {[%emt 0:00:51]} Rc2 {[%emt 0:00:39]} 40. Kg1 {[%emt 0:00:00]} Rc1+ {[%emt 0:00:00]} 41. Kh2 {[%emt 0:00:26]} Rc2+ {[%emt 0:02:10]} 42. Kh1 {[%emt 0:01:43]} 1/2-1/2

[Event "EYCC Open-U16 2019"]
[Site "Bratislava"]
[Date "2019.08.09"]
[Round "8.30"]
[White "Turcan, Richard"]
[Black "Barak, David"]
[Result "1-0"]
[WhiteElo "2232"]
[BlackElo "2015"]
[Annotator "NA"]
[PlyCount "107"]
[EventDate "2019.08.02"]
[EventType "swiss"]
[EventCountry "SVK"]
[SourceTitle "playchess.com"]
[Source "ChessBase"]
[SourceQuality "1"]
[TimeControl "40/5400+30:1800+30"]

1. e4 {[%emt 0:00:00]} c5 {[%emt 0:00:00]} 2. Nf3 {[%emt 0:00:00]} Nc6 {[%emt 0:00:00]} 3. d4 {[%emt 0:00:00]} cxd4 {[%emt 0:00:00]} 4. Nxd4 {[%emt 0:00:00]} e5 {[%emt 0:00:00]} 5. Nb5 {[%emt 0:01:14]} d6 {[%emt 0:00:00]} 6. N1c3 {[%emt 0:01:00]} a6 {[%emt 0:00:10]} 7. Na3 {[%emt 0:00:04]} b5 {[%emt 0:00:05]} 8. Nd5 {[%emt 0:00:05]} Nce7 {[%emt 0:00:21]} 9. c4 {[%emt 0:02:25]} Nxd5 {[%emt 0:00:33]} 10. exd5 {[%emt 0:01:09]} Nf6 {[%emt 0:03:14]} 11. cxb5 {[%emt 0:05:10]} Be7 {[%emt 0:00:16]} 12. Be2 {[%emt 0:11:16]} O-O {[%emt 0:05:13]} 13. O-O {[%emt 0:01:48]} Ne4 {[%emt 0:07:56]} 14. Be3 {[%emt 0:09:44]} f5 {[%emt 0:17:13]} 15. f3 {[%emt 0:10:24]} Bg5 {[%emt 0:09:22]} 16. Qc1 {[%emt 0:14:34]} Bxe3+ {[%emt 0:09:10]} 17. Qxe3 {[%emt 0:00:06]} Nc5 {[%emt 0:00:09]} 18. b4 {[%emt 0:10:25]} Na4 {[%emt 0:03:52]} 19. Nc4 {[%emt 0:06:22]} axb5 {[%emt 0:17:39]} 20. Na5 {[%emt 0:00:14]} Bd7 {[%emt 0:00:44]} 21. Rac1 {[%emt 0:05:58]} Qh4 {[%emt 0:04:39]} 22. Rc7 {[%emt 0:05:53]} Rf7 {[%emt 0:14:27]} 23. a3 {[%emt 0:01:48]} Qd8 {[%emt 0:05:24]} 24. Rc2 {[%emt 0:05:49]} Qb6 {[%emt 0:00:56]} 25. Qxb6 {[%emt 0:01:38]} Nxb6 {[%emt 0:00:01]} 26. Rd1 {[%emt 0:00:12]} Rff8 {[%emt 0:00:31]} 27. Rc7 {[%emt 0:02:09]} Rfc8 {[%emt 0:00:30]} 28. Rb7 {[%emt 0:01:26]} Rab8 {[%emt 0:00:24]} 29. Rxb8 {[%emt 0:01:45]} Rxb8 {[%emt 0:00:01]} 30. Nc6 {[%emt 0:00:30]} Bxc6 {[%emt 0:01:34]} 31. dxc6 Nc8 32. Rd5 {[%emt 0:01:30]} Kf7 {[%emt 0:00:40]} 33. Rxb5 {[%emt 0:00:53]} Rxb5 {[%emt 0:00:52]} 34. Bxb5 {[%emt 0:00:03]} Ke7 {[%emt 0:00:07]} 35. Ba6 {[%emt 0:00:53]} Nb6 {[%emt 0:00:34]} 36. a4 {[%emt 0:00:37]} Kd8 {[%emt 0:00:50]} 37. a5 {[%emt 0:00:48]} Nd5 {[%emt 0:00:27]} 38. Bb7 {[%emt 0:00:32]} Kc7 {[%emt 0:00:30]} 39. b5 {[%emt 0:00:19]} g5 {[%emt 0:00:31]} 40. b6+ {[%emt 0:00:00]} Nxb6 {[%emt 0:00:00]} 41. axb6+ {[%emt 0:00:46]} Kxb6 {[%emt 0:00:18]} 42. Bc8 {[%emt 0:00:33]} f4 {[%emt 0:02:51]} 43. Bf5 {[%emt 0:00:11]} Kxc6 {[%emt 0:01:28]} 44. Bxh7 {[%emt 0:00:05]} Kd5 {[%emt 0:02:22]} 45. Kf2 {[%emt 0:02:10]} Kd4 {[%emt 0:01:28]} 46. Ke2 {[%emt 0:01:36]} d5 {[%emt 0:01:02]} 47. Bb1 {[%emt 0:01:39]} Kc3 {[%emt 0:12:18]} 48. Ba2 {[%emt 0:01:15]} Kd4 {[%emt 0:00:47]} 49. Kd2 {[%emt 0:00:45]} e4 {[%emt 0:02:01]} 50. h3 {[%emt 0:02:25]} Ke5 {[%emt 0:01:23]} 51. Kc3 {[%emt 0:00:59]} d4+ {[%emt 0:01:15]} 52. Kc4 {[%emt 0:01:22]} d3 {[%emt 0:01:30]} 53. Kc3 {[%emt 0:00:36]} exf3 {[%emt 0:05:48]} 54. gxf3 {[%emt 0:00:57] Kd5} 1-0